Listening comprehenson: First year English-Major students' perceptions and problems : Master of education. Program: Principles and methods in English language education

Nghiên cứu điều tra nhận thức của sinh viên chuyên ngữ Anh về vai trò của việc phát triển kỹ năng nghe và tìm ra những khó khăn phải đối mặt trong quá trình học môn nghe hiểu.

Spremljeno u:
Bibliografski detalji
Glavni autor: Nguyễn, Ngọc Quyên
Format: Knjiga
Jezik:Undetermined
Izdano: Cần Thơ Trường Đại học Cần Thơ 2017
Teme:
Oznake: Dodaj oznaku
Bez oznaka, Budi prvi tko označuje ovaj zapis!
Thư viện lưu trữ: Trung tâm Học liệu Trường Đại học Cần Thơ
LEADER 01059nam a2200205Ia 4500
001 CTU_225452
008 210402s9999 xx 000 0 und d
082 |a 428.3407 
082 |b Qu603 
100 |a Nguyễn, Ngọc Quyên 
245 0 |a Listening comprehenson: First year English-Major students' perceptions and problems : 
245 0 |b Master of education. Program: Principles and methods in English language education 
245 0 |c Nguyễn Ngọc Quyên ; Thái Công Dân (Cán bộ hướng dẫn) 
260 |a Cần Thơ 
260 |b Trường Đại học Cần Thơ 
260 |c 2017 
520 |a Nghiên cứu điều tra nhận thức của sinh viên chuyên ngữ Anh về vai trò của việc phát triển kỹ năng nghe và tìm ra những khó khăn phải đối mặt trong quá trình học môn nghe hiểu. 
650 |a Tiếng Anh,English language 
650 |x Dạy và học,Study and teaching 
980 |a Trung tâm Học liệu Trường Đại học Cần Thơ